书目信息 |
| 题名: |
论反对派
|
|
| 作者: | 斯大林 著 ;中共中央马恩列斯著作编译局 译 | |
| 分册: | ||
| 出版信息: | 北京 人民出版社 1963.04 |
|
| 页数: | 618页 | |
| 开本: | 20cm | |
| 丛书名: | ||
| 单 册: | ||
| 中图分类: | A324 | |
| 科图分类: | ||
| 主题词: | 斯大林著作--单行本--1926~1929年 | |
| 电子资源: | ||
| ISBN: | ||
| 000 | 00716nam0 2200217 45 | |
| 001 | 0181023593 | |
| 005 | 20060726111323.64 | |
| 010 | @dCNY1.15 | |
| 091 | @a1001.552 | |
| 100 | @a20810111d km y0chiy0120 ea | |
| 101 | 0 | @achi |
| 200 | 1 | @a论反对派@ALUN FAN DUI PAI@e1921-1927年@E1921-1927 Nian@f斯大林著@FSi Da Lin Zhu@g中共中央马恩列斯著作编译局译 |
| 210 | @a北京@c人民出版社@d1963.04 | |
| 215 | @a618页@d20cm | |
| 517 | @a1921-1927年@A1921-1927 Nian | |
| 606 | 0 | @a斯大林著作@x单行本@z1926~1929年 |
| 690 | @aA324@v3 | |
| 701 | 0 | @a斯大林@4著 |
| 712 | 02 | @a中共中央马恩列斯著作编译局@AZhong Gong Zhong Yang Ma En Lie Si Zhu ZuoBian Yi Ju@4译 |
| 801 | @aCN@bTSTC@c20060726 | |
| 905 | @dA324@e4:2100@f1@b65612 | |
| 论反对派:1921-1927年/斯大林著/中共中央马恩列斯著作编译局译.-北京:人民出版社,1963.04 |
| 618页;20cm |
| ISBN :CNY1.15 |
| ● |
| 相关链接 |
|
|
|
|
正题名:论反对派
索取号:A324/4:2100
 
预约/预借
| 序号 | 登录号 | 条形码 | 馆藏地/架位号 | 状态 | 备注 |
| 1 | 0065611 | 001715996 | 密集书库/ [索取号:A324/4:2100] | 在馆 | |
| 2 | 0065612 | 002046459 | 第一样本阅览室/ [索取号:A324/4:2100] | 在馆 | |
| 3 | 0065613 | 001865654 | 密集书库/ [索取号:A324/4:2100] | 在馆 | |
| 4 | 0065614 | 001865618 | 密集书库/ [索取号:A324/4:2100] | 在馆 | |
| 5 | 0065615 | 001865690 | 密集书库/ [索取号:A324/4:2100] | 在馆 | |
| 6 | 0065616 | 202262620 | 密集书库/ [索取号:A324/4:2100] | 在馆 | |
| 7 | 0065617 | 001715834 | 密集书库/ [索取号:A324/4:2100] | 在馆 | |
| 8 | 0426587 | 204265874 | 密集书库/ [索取号:A324/4:2100] | 在馆 |